[Event "SVK-chT 2223"]
[Site "Slovakia"]
[Date "2022.12.10"]
[Round "3.4"]
[White "Gasa, Patrik"]
[Black "Chovan, Milan"]
[Result "0-1"]
[WhiteElo "2167"]
[BlackElo "2346"]
[PlyCount "92"]
[EventDate "2022.10.22"]
[EventType "team-tourn"]
[EventRounds "11"]
[EventCountry "SVK"]
[SourceTitle "EXT 2024"]
[Source "ChessBase"]
[SourceDate "2023.10.10"]
[SourceVersion "1"]
[SourceVersionDate "2023.10.10"]
[SourceQuality "1"]
[WhiteTeam "Osuske"]
[BlackTeam "Podhajska Aquamarin"]
[WhiteTeamCountry "SVK"]
[BlackTeamCountry "SVK"]

1. c4 c5 2. Nc3 Nf6 3. g3 d5 4. cxd5 Nxd5 5. Bg2 Nc7 6. Nf3 Nc6 7. 0-0 e5 8. d3 Be7 9. Be3 0-0 10. Rc1 Bd7 11. Nd2 Rc8 12. a4 Ne6 13. Nc4 Ned4 14. Nd5 Bg4 15. Nxe7+ Qxe7 16. f3 Bh5 17. Re1 Rcd8 18. Bf2 Rfe8 19. Nd2 b6 20. Rc3 Nb4 21. Qb1 Bg6 22. Ne4 a5 23. e3 Ndc6 24. g4 Qd7 25. Bf1 f5 26. gxf5 Qxf5 27. Be2 Rf8 28. Bg3 Nd5 29. Qc1 Nxc3 30. bxc3 Qe6 31. Qb2 Bxe4 32. fxe4 Ne7 33. Qb5 Kh8 34. Qb2 Ng6 35. Qc2 Qf6 36. Bg4 Qg5 37. Qe2 Rf6 38. Rf1 Rxf1+ 39. Kxf1 Qf6+ 40. Ke1 Qd6 41. Kd2 Qc6 42. Bf5 Qxa4 43. Qh5 Qa2+ 44. Ke1 Rxd3 45. Bxg6 Qb1+ 46. Kf2 Rd2+ 0-1

[Event "SVK-chT2A 2223"]
[Site "Slovakia"]
[Date "2022.11.12"]
[Round "3.2"]
[White "Gasa, Patrik"]
[Black "Michal, Silvio"]
[Result "1-0"]
[WhiteElo "2162"]
[BlackElo "2047"]
[PlyCount "109"]
[EventDate "2022.10.08"]
[EventType "team-tourn"]
[EventRounds "11"]
[EventCountry "SVK"]
[SourceTitle "EXT 2024"]
[Source "ChessBase"]
[SourceDate "2023.10.10"]
[SourceVersion "1"]
[SourceVersionDate "2023.10.10"]
[SourceQuality "1"]
[WhiteTeam "Piestany Kupele"]
[BlackTeam "Pezinok"]
[WhiteTeamCountry "SVK"]
[BlackTeamCountry "SVK"]

1. d4 Nf6 2. c4 e6 3. Nf3 Bb4+ 4. Bd2 Bxd2+ 5. Qxd2 d5 6. Nc3 b6 7. e3 0-0 8. Bd3 dxc4 9. Bxc4 Bb7 10. 0-0 Nbd7 11. Rfd1 Qe7 12. a3 Rfd8 13. Qe2 c5 14. Ba6 Bxa6 15. Qxa6 cxd4 16. exd4 Nb8 17. Qb5 Qb7 18. Rac1 Na6 19. Qe2 Rac8 20. Ne5 Nb8 21. h4 Nc6 22. Ng4 Nxg4 23. Qxg4 Ne7 24. h5 Nf5 25. Rd3 Qe7 26. Rcd1 Nh6 27. Qf4 f6 28. Re3 Qd6 29. Qe4 Rc4 30. Nb5 Qd5 31. Qxe6+ Qxe6 32. Rxe6 a6 33. Nd6 Rc6 34. Re8+ Rxe8 35. Nxe8 Kf8 36. d5 Rc2 37. Nd6 Nf7 38. Nxf7 Kxf7 39. d6 Ke8 40. d7+ Kd8 41. Rd6 Rxb2 42. h6 gxh6 43. Rxf6 Kxd7 44. Rxh6 a5 45. Rxh7+ Kd6 46. g4 Ke6 47. Kg2 a4 48. Kg3 Kf6 49. f4 b5 50. Rb7 Rb1 51. Rb6+ Kg7 52. Kh4 b4 53. axb4 a3 54. Ra6 Rxb4 55. Kg5 1-0

[Event "CZE-chT2E 2122"]
[Site "Czech Republic"]
[Date "2022.04.03"]
[Round "11.3"]
[White "Senkyr, Martin"]
[Black "Gasa, Patrik"]
[Result "1/2-1/2"]
[WhiteElo "2082"]
[BlackElo "2188"]
[PlyCount "37"]
[EventDate "2021.10.17"]
[EventType "team-tourn"]
[EventRounds "11"]
[EventCountry "CZE"]
[SourceTitle "EXT 2024"]
[Source "ChessBase"]
[SourceDate "2023.10.10"]
[SourceVersion "1"]
[SourceVersionDate "2023.10.10"]
[SourceQuality "1"]
[WhiteTeam "Zlin"]
[BlackTeam "Prusanky Podluzan"]
[WhiteTeamCountry "CZE"]
[BlackTeamCountry "CZE"]

1. e4 c5 2. Nf3 Nc6 3. Nc3 d6 4. d4 cxd4 5. Nxd4 e5 6. Nb3 Be6 7. Be2 Be7 8. 0-0 Nf6 9. f4 exf4 10. Bxf4 d5 11. exd5 Nxd5 12. Nxd5 Bxd5 13. Bf3 Qb6+ 14. Kh1 Be6 15. Bg4 Rd8 16. Qe2 Bxb3 17. axb3 0-0 18. Be3 Bc5 19. Bxc5 1/2-1/2

[Event "SVK-chT 2122"]
[Site "Slovakia"]
[Date "2022.03.13"]
[Round "6.6"]
[White "Zvarik, Martin"]
[Black "Gasa, Patrik"]
[Result "1-0"]
[WhiteElo "2249"]
[BlackElo "2186"]
[PlyCount "67"]
[EventDate "2021.10.23"]
[EventType "team-tourn"]
[EventRounds "11"]
[EventCountry "SVK"]
[SourceTitle "EXT 2023"]
[Source "ChessBase"]
[SourceDate "2022.10.05"]
[SourceVersion "1"]
[SourceVersionDate "2022.10.05"]
[SourceQuality "1"]
[WhiteTeam "Zilina Mladost"]
[BlackTeam "Osuske"]
[WhiteTeamCountry "SVK"]
[BlackTeamCountry "SVK"]

1. e4 c5 2. Nf3 Nc6 3. d4 cxd4 4. Nxd4 e5 5. Nb5 d6 6. c4 Be7 7. N1c3 a6 8. Na3 Nf6 9. Be2 0-0 10. Nc2 Be6 11. 0-0 Rc8 12. Ne3 Nd4 13. Bd3 Nd7 14. Ne2 b5 15. cxb5 axb5 16. Nxd4 exd4 17. Nd5 Bxd5 18. exd5 Rc5 19. b4 Rxd5 20. Bf4 Bf6 21. Qf3 Nb6 22. Rac1 Bg5 23. Rc6 Bxf4 24. Qxf4 Na4 25. Bxh7+ Kh8 26. Be4 Re5 27. Rc8 Rxe4 28. Rxd8 Rxf4 29. Rxf8+ Kh7 30. Rd1 Nc3 31. Rd2 Rf5 32. Kf1 Kg6 33. Rxd4 Nxa2 34. Rc8 1-0

[Event "SVK-chT 2122"]
[Site "Slovakia"]
[Date "2021.10.24"]
[Round "2.2"]
[White "Ruckschloss, Karol"]
[Black "Gasa, Patrik"]
[Result "1/2-1/2"]
[WhiteElo "2184"]
[BlackElo "2186"]
[PlyCount "29"]
[EventDate "2021.10.23"]
[EventType "team-tourn"]
[EventRounds "11"]
[EventCountry "SVK"]
[SourceTitle "CBM 204 Extra"]
[Source "ChessBase"]
[SourceDate "2021.11.30"]
[SourceVersion "1"]
[SourceVersionDate "2021.11.30"]
[SourceQuality "1"]
[WhiteTeam "Bratislava Slovan"]
[BlackTeam "Osuske"]
[WhiteTeamCountry "SVK"]
[BlackTeamCountry "SVK"]

1. c4 c5 2. Nc3 Nc6 3. g3 g6 4. Bg2 Bg7 5. e3 e6 6. Nge2 Nge7 7. d4 cxd4 8. Nxd4 Nxd4 9. exd4 d5 10. cxd5 exd5 11. 0-0 Be6 12. Bg5 0-0 13. Re1 Re8 14. Rc1 h6 15. Be3 1/2-1/2

[Event "Slovak Hybrid Teams"]
[Site "Tornelo INT"]
[Date "2021.05.15"]
[Round "4.2"]
[White "Turcan, Richard"]
[Black "Gasa, Patrik"]
[Result "1-0"]
[WhiteElo "2295"]
[BlackElo "2186"]
[PlyCount "75"]
[EventDate "2021.05.13"]
[EventType "team-tourn"]
[EventRounds "5"]
[EventCountry "SVK"]
[SourceTitle "CBM 202 Extra"]
[Source "ChessBase"]
[SourceDate "2021.07.31"]
[SourceVersion "1"]
[SourceVersionDate "2021.07.31"]
[SourceQuality "1"]
[WhiteTeam "Slovak Chess Federation "]
[BlackTeam "Trnava Region CF"]
[WhiteTeamCountry "SVK"]
[BlackTeamCountry "SVK"]

1. e4 c5 2. Nc3 Nc6 3. Bb5 d6 4. f4 Bd7 5. Bxc6 Bxc6 6. Nf3 g6 7. 0-0 Bg7 8. d3 b5 9. Qe1 b4 10. Nd1 Nf6 11. Bd2 0-0 12. Qh4 e6 13. c3 a5 14. Nf2 Nh5 15. Qh3 f5 16. Ng5 Qd7 17. g4 fxg4 18. Nxg4 Rae8 19. Rae1 h6 20. Nf3 Kh7 21. Nh4 bxc3 22. bxc3 d5 23. Qg2 dxe4 24. Ne5 Bxe5 25. Qxg6+ Kh8 26. Qxh6+ Qh7 27. Ng6+ Kg8 28. Qxh7+ Kxh7 29. Nxf8+ Rxf8 30. fxe5 Rg8+ 31. Kf2 exd3 32. Re3 Rg2+ 33. Ke1 c4 34. Rh3 Kg6 35. Rh4 Ba4 36. Re4 Bb5 37. h3 Ng3 38. Rf6+ 1-0

[Event "Slovak Hybrid Teams"]
[Site "Tornelo INT"]
[Date "2021.05.13"]
[Round "1.1"]
[White "Mazur, Stefan"]
[Black "Gasa, Patrik"]
[Result "1/2-1/2"]
[WhiteElo "2416"]
[BlackElo "2186"]
[PlyCount "68"]
[EventDate "2021.05.13"]
[EventType "team-tourn"]
[EventRounds "5"]
[EventCountry "SVK"]
[SourceTitle "CBM 202 Extra"]
[Source "ChessBase"]
[SourceDate "2021.07.31"]
[SourceVersion "1"]
[SourceVersionDate "2021.07.31"]
[SourceQuality "1"]
[WhiteTeam "Zilina Region CF"]
[BlackTeam "Trnava Region CF"]
[WhiteTeamCountry "SVK"]
[BlackTeamCountry "SVK"]

1. e4 c5 2. Nf3 Nc6 3. Nc3 e6 4. d4 cxd4 5. Nxd4 Qb6 6. Nb3 Nf6 7. Qe2 Bb4 8. Bd2 0-0 9. a3 Bxc3 10. Bxc3 e5 11. 0-0-0 Re8 12. h3 d6 13. g4 Be6 14. g5 Nd7 15. Qb5 Bxb3 16. Qxb6 axb6 17. cxb3 Nc5 18. Bd3 Nxb3+ 19. Kb1 Nc5 20. h4 g6 21. h5 Rad8 22. hxg6 hxg6 23. f4 Kg7 24. f5 gxf5 25. exf5 Nxd3 26. Rxd3 Rh8 27. Rhd1 f6 28. Rxd6 Rxd6 29. Rxd6 fxg5 30. a4 Rh6 31. Rd7+ Kf6 32. Rd6+ Kg7 33. Rd7+ Kf6 34. Rd6+ Kg7 1/2-1/2

[Event "SVK-chT1W 1920"]
[Site "Slovakia"]
[Date "2020.01.25"]
[Round "7.5"]
[White "Capak, Stefan"]
[Black "Gasa, Patrik"]
[Result "1-0"]
[WhiteElo "1934"]
[BlackElo "2164"]
[PlyCount "161"]
[EventDate "2019.10.12"]
[EventType "team-tourn"]
[EventRounds "11"]
[EventCountry "SVK"]
[SourceTitle "CBM 194 Extra"]
[Source "ChessBase"]
[SourceDate "2020.03.31"]
[SourceVersion "1"]
[SourceVersionDate "2020.03.31"]
[SourceQuality "1"]
[WhiteTeam "Povazska Bystrica"]
[BlackTeam "Osuske"]
[WhiteTeamCountry "SVK"]
[BlackTeamCountry "SVK"]

1. d4 g6 2. g3 Bg7 3. Bg2 Nf6 4. Nf3 c5 5. 0-0 cxd4 6. Nxd4 0-0 7. Nd2 e5 8. N4b3 d5 9. Nf3 Qe7 10. Bg5 Rd8 11. Qc1 Nc6 12. c3 Be6 13. Qe3 h6 14. Bxf6 Bxf6 15. Qc5 Rac8 16. Qxe7 Bxe7 17. Rad1 f5 18. Rd2 Rd7 19. Rfd1 Rcd8 20. e3 a5 21. Bf1 a4 22. Nc1 a3 23. b3 Kf7 24. Bb5 Kf6 25. Ne2 g5 26. Ne1 Bc5 27. Nc2 Rc7 28. b4 Be7 29. Ba4 Bf8 30. Bb3 Rcd7 31. Nxa3 Nxb4 32. cxb4 Bxb4 33. Nc2 Bxd2 34. Rxd2 g4 35. Nb4 h5 36. Rc2 h4 37. Rc5 h3 38. Kf1 Rd6 39. Ke1 R8d7 40. Ba4 Rd8 41. Bb3 b6 42. Rc6 Rxc6 43. Nxc6 Rc8 44. Nb4 Rc5 45. Kd2 Rb5 46. Nd3 Ra5 47. Nb4 d4 48. exd4 Bxb3 49. dxe5+ Kf7 50. axb3 Ra1 51. Nc1 Ke6 52. Nbd3 Kd5 53. Ke3 Rb1 54. f3 gxf3 55. Kxf3 Ra1 56. g4 fxg4+ 57. Kxg4 Ra8 58. Kxh3 Ke4 59. Kg3 Rg8+ 60. Kf2 Rh8 61. Kg2 Rg8+ 62. Kf1 Rh8 63. h3 Rf8+ 64. Ke2 Rh8 65. Kd2 Kf5 66. Kc3 Rxh3 67. Kb4 Rh6 68. Kc4 Ke6 69. Ne2 Rh8 70. Nef4+ Kd7 71. Kd5 Ra8 72. b4 b5 73. e6+ Ke8 74. Kc6 Rc8+ 75. Kxb5 Ke7 76. Nc5 Kd6 77. Kb6 Rb8+ 78. Nb7+ Ke5 79. Kc7 Rg8 80. e7 Kxf4 81. Nd6 1-0

[Event "SVK-chT2A 1920"]
[Site "Slovakia"]
[Date "2019.12.14"]
[Round "5.1"]
[White "Gasa, Patrik"]
[Black "Sosna, Jan"]
[Result "0-1"]
[WhiteElo "2184"]
[BlackElo "2340"]
[PlyCount "64"]
[EventDate "2019.10.26"]
[EventType "team-tourn"]
[EventRounds "11"]
[EventCountry "SVK"]
[SourceTitle "CBM 194 Extra"]
[Source "ChessBase"]
[SourceDate "2020.03.31"]
[SourceVersion "1"]
[SourceVersionDate "2020.03.31"]
[SourceQuality "1"]
[WhiteTeam "Piestany Kupele"]
[BlackTeam "Skalica"]
[WhiteTeamCountry "SVK"]
[BlackTeamCountry "SVK"]

1. d4 d5 2. c4 e6 3. Nf3 c6 4. e3 Nf6 5. Nbd2 Be7 6. b3 b6 7. Bd3 Bb7 8. 0-0 0-0 9. Qe2 Nbd7 10. Bb2 c5 11. e4 dxc4 12. bxc4 cxd4 13. e5 Nh5 14. g3 Nc5 15. Nxd4 Nxd3 16. Qxd3 g6 17. Rfd1 Qc7 18. Qe2 Rfd8 19. N2b3 Rd7 20. f3 a6 21. a4 Rc8 22. Rac1 Ng7 23. a5 bxa5 24. c5 Bd5 25. Qxa6 Ra8 26. Qb6 Rb8 27. Qxc7 Rxc7 28. Bc3 Bxb3 29. Bxa5 Rxc5 30. Nxb3 Rxb3 31. Rxc5 Bxc5+ 32. Kg2 Nf5 0-1

[Event "SVK-chT1W 1920"]
[Site "Slovakia"]
[Date "2019.11.09"]
[Round "3.5"]
[White "Molnar, Erno"]
[Black "Gasa, Patrik"]
[Result "0-1"]
[WhiteElo "2228"]
[BlackElo "2164"]
[PlyCount "123"]
[EventDate "2019.10.12"]
[EventType "team-tourn"]
[EventRounds "11"]
[EventCountry "SVK"]
[SourceTitle "CBM 193 Extra"]
[Source "ChessBase"]
[SourceDate "2020.01.31"]
[SourceVersion "1"]
[SourceVersionDate "2020.01.31"]
[SourceQuality "1"]
[WhiteTeam "Komarno"]
[BlackTeam "Osuske"]
[WhiteTeamCountry "SVK"]
[BlackTeamCountry "SVK"]

1. e4 c5 2. Nf3 e6 3. d4 cxd4 4. Nxd4 a6 5. Bd3 Bc5 6. Nb3 Ba7 7. Qe2 d6 8. 0-0 Nf6 9. Be3 Nc6 10. c4 0-0 11. Nc3 Bxe3 12. Qxe3 Ng4 13. Qd2 Qh4 14. h3 Nge5 15. Be2 f5 16. f4 Ng6 17. exf5 Rxf5 18. Bd3 Rf6 19. Ne4 Rxf4 20. Nxd6 e5 21. Be4 Be6 22. Bd5 Nf8 23. Nc5 Rxf1+ 24. Rxf1 Qd4+ 25. Qxd4 Nxd4 26. Rxf8+ Kxf8 27. Bxb7 Rd8 28. Nce4 a5 29. c5 Ke7 30. a3 Ne2+ 31. Kf1 Nc1 32. Ng5 Nd3 33. b4 axb4 34. axb4 Nxb4 35. Be4 h6 36. Nxe6 Kxe6 37. Nb7 Rd4 38. c6 Rxe4 39. Nc5+ Kd6 40. Nxe4+ Kxc6 41. Ng3 g6 42. h4 h5 43. Ne4 Kd5 44. Nf2 Nc2 45. Nh3 Ke4 46. Kf2 Kf5 47. Ng5 e4 48. g3 Nb4 49. Ke3 Nd5+ 50. Kd4 Nf6 51. Nf7 Kg4 52. Ne5+ Kxg3 53. Nxg6 Kf3 54. Ne5+ Kf4 55. Ng6+ Kf3 56. Ne5+ Kg3 57. Ng6 Kf2 58. Nf4 e3 59. Ke5 Kf3 60. Kf5 Ne4 61. Ne6 Ng3+ 62. Kg5 0-1

[Event "CZE-chT2E 1819"]
[Site "Czech Republic"]
[Date "2018.11.04"]
[Round "2.2"]
[White "Symersky, Petr"]
[Black "Gasa, Patrik"]
[Result "1/2-1/2"]
[WhiteElo "2118"]
[BlackElo "2162"]
[PlyCount "49"]
[EventDate "2018.10.14"]
[EventType "team-tourn"]
[EventRounds "11"]
[EventCountry "CZE"]
[SourceTitle "EXT 2022"]
[Source "ChessBase"]
[SourceDate "2021.10.06"]
[SourceVersion "1"]
[SourceVersionDate "2021.10.06"]
[SourceQuality "1"]
[WhiteTeam "Veseli nad Moravou"]
[BlackTeam "Prusanky Podluzan"]
[WhiteTeamCountry "CZE"]
[BlackTeamCountry "CZE"]

1. Nf3 Nf6 2. d4 g6 3. g3 Bg7 4. Bg2 0-0 5. 0-0 d6 6. c4 c5 7. Nc3 Na6 8. d5 Nc7 9. h3 Rb8 10. a4 b6 11. Qc2 a6 12. Nd2 b5 13. axb5 axb5 14. cxb5 Nxb5 15. Nxb5 Rxb5 16. Nc4 Bb7 17. e4 Nd7 18. Bd2 Ne5 19. Nxe5 Bxe5 20. Bc3 Qb6 21. Rfb1 Bxc3 22. bxc3 Ra8 23. Rxa8+ Bxa8 24. Rxb5 Qxb5 25. Bf1 1/2-1/2

[Event "SVK-chT2A 1819"]
[Site "Slovakia"]
[Date "2018.10.13"]
[Round "1.1"]
[White "Gasa, Patrik"]
[Black "Michal, Silvio"]
[Result "1-0"]
[WhiteElo "2186"]
[BlackElo "2102"]
[PlyCount "67"]
[EventDate "2018.10.13"]
[EventType "team-tourn"]
[EventRounds "11"]
[EventCountry "SVK"]
[SourceTitle "CBM 189 Extra"]
[Source "ChessBase"]
[SourceDate "2019.06.03"]
[SourceVersion "1"]
[SourceVersionDate "2019.06.03"]
[SourceQuality "1"]
[WhiteTeam "Piestany Kupele"]
[BlackTeam "Pezinok"]
[WhiteTeamCountry "SVK"]
[BlackTeamCountry "SVK"]

1. d4 Nf6 2. c4 e6 3. Nf3 b6 4. g3 Bb7 5. Bg2 Bb4+ 6. Bd2 Bxd2+ 7. Nbxd2 0-0 8. 0-0 c5 9. Qa4 cxd4 10. Nb3 e5 11. Nxe5 Bxg2 12. Kxg2 Re8 13. Nf3 Rxe2 14. Nbxd4 Re4 15. Rad1 Qc8 16. Rfe1 Na6 17. Rxe4 Nc5 18. Qc2 Ncxe4 19. Nf5 Qc5 20. Rd5 Nxd5 21. Qxe4 Nc7 22. Ng5 g6 23. Nh6+ Kg7 24. Qh4 f6 25. Nf5+ Kf8 26. Nxh7+ Ke8 27. Nxf6+ Kf7 28. Ne4 Qe5 29. Qh7+ Kf8 30. Qh6+ Ke8 31. Qxg6+ Kd8 32. Qg5+ Ke8 33. Nfd6+ Kf8 34. Qxe5 1-0

[Event "Bratislava Doprastav op"]
[Site "Bratislava"]
[Date "2018.04.01"]
[Round "7"]
[White "Gasa, Patrik"]
[Black "Schwarz, Dusan"]
[Result "1/2-1/2"]
[WhiteElo "2111"]
[BlackElo "2295"]
[PlyCount "83"]
[EventDate "2018.03.29"]
[EventType "swiss"]
[EventRounds "7"]
[EventCountry "SVK"]
[SourceTitle "CBM 183 Extra"]
[Source "ChessBase"]
[SourceDate "2018.04.19"]
[SourceVersion "1"]
[SourceVersionDate "2018.04.19"]
[SourceQuality "1"]

1. d4 d5 2. Nf3 Nf6 3. g3 Bf5 4. Bg2 e6 5. 0-0 Nbd7 6. c4 c6 7. Qb3 Qb6 8. c5 Qxb3 9. axb3 a6 10. Nc3 h6 11. b4 Rc8 12. h3 Be7 13. Bf4 Ne4 14. g4 Bh7 15. Ne5 f6 16. Nxd7 Kxd7 17. Bxe4 dxe4 18. Kg2 Rcf8 19. Rad1 g5 20. Bg3 h5 21. f3 exf3+ 22. Rxf3 hxg4 23. hxg4 f5 24. Be5 Rhg8 25. Rh1 Bg6 26. Kg3 Rf7 27. Rf2 f4+ 28. Kf3 Bc2 29. Rfh2 Bb3 30. Rh7 Rgf8 31. Rxf7 Rxf7 32. Rh8 Bd5+ 33. Kf2 Bd8 34. Rg8 Rh7 35. Rg7+ Rxg7 36. Bxg7 Ke8 37. e3 fxe3+ 38. Kxe3 Kf7 39. Be5 Kg6 40. Ne4 Bxe4 41. Kxe4 Kf7 42. Kd3 1/2-1/2

[Event "SVK-chT2A 1718"]
[Site "Slovakia"]
[Date "2018.03.17"]
[Round "10.1"]
[White "Gasa, Patrik"]
[Black "Farkas, Gabor"]
[Result "1/2-1/2"]
[WhiteElo "2111"]
[BlackElo "2390"]
[PlyCount "62"]
[EventDate "2017.10.28"]
[EventType "team-tourn"]
[EventRounds "11"]
[EventCountry "SVK"]
[SourceTitle "EXT 2020"]
[Source "ChessBase"]
[SourceDate "2019.10.17"]
[SourceVersion "1"]
[SourceVersionDate "2019.10.17"]
[SourceQuality "1"]
[WhiteTeam "Piestany Loewe"]
[BlackTeam "Senec"]
[WhiteTeamCountry "SVK"]
[BlackTeamCountry "SVK"]

1. e4 c5 2. Nf3 d6 3. Bb5+ Bd7 4. Bxd7+ Qxd7 5. 0-0 Nc6 6. b3 Nf6 7. Re1 e5 8. c4 Be7 9. d3 h6 10. Nbd2 g5 11. Nf1 g4 12. N3d2 Nb4 13. Nb1 Nh5 14. a3 Nc6 15. Ne3 Nd4 16. Nxg4 Nxb3 17. Qxb3 Qxg4 18. Qxb7 Rd8 19. h3 Qg7 20. Nc3 Rg8 21. g4 Nf6 22. Nd5 Nxd5 23. Qxd5 h5 24. f3 Rh8 25. Kg2 Bg5 26. Qb7 hxg4 27. hxg4 Bxc1 28. Raxc1 Qh6 29. Rh1 Qd2+ 30. Kg3 Qf4+ 31. Kg2 Qd2+ 1/2-1/2

[Event "SVK-chT2A 1718"]
[Site "Slovakia"]
[Date "2018.02.24"]
[Round "8.1"]
[White "Gasa, Patrik"]
[Black "Kostolansky, Sebastian Lukas"]
[Result "0-1"]
[WhiteElo "2111"]
[BlackElo "2229"]
[PlyCount "116"]
[EventDate "2017.10.28"]
[EventType "team-tourn"]
[EventRounds "11"]
[EventCountry "SVK"]
[SourceTitle "EXT 2020"]
[Source "ChessBase"]
[SourceDate "2019.10.17"]
[SourceVersion "1"]
[SourceVersionDate "2019.10.17"]
[SourceQuality "1"]
[WhiteTeam "Piestany Loewe"]
[BlackTeam "Bratislava Slovan V"]
[WhiteTeamCountry "SVK"]
[BlackTeamCountry "SVK"]

1. d4 Nf6 2. c4 e6 3. Nf3 d5 4. g3 Bb4+ 5. Bd2 Bd6 6. Nc3 c6 7. c5 Bc7 8. b4 Ne4 9. Bg2 0-0 10. 0-0 f5 11. Qb3 Nd7 12. Nxe4 fxe4 13. Ng5 Nf6 14. f4 h6 15. Nh3 Bd7 16. Nf2 Qe8 17. g4 Qg6 18. h3 Rf7 19. e3 Nh7 20. Qd1 Qf6 21. Nh1 Nf8 22. Qe2 Ng6 23. Ng3 Nh4 24. Nh5 Qe7 25. a3 Raf8 26. Rf2 g6 27. Ng3 e5 28. dxe5 Bxe5 29. Raf1 Bg7 30. Bc1 Nxg2 31. Kxg2 Qh4 32. Bb2 h5 33. Bxg7 Rxg7 34. Qb2 hxg4 35. hxg4 Bxg4 36. Rh1 Bf3+ 37. Rxf3 exf3+ 38. Kxf3 Qf6 39. Qxf6 Rxf6 40. Rh6 Rh7 41. Rxh7 Kxh7 42. e4 Kg7 43. a4 Rf8 44. exd5 cxd5 45. Ke3 Kf6 46. Kd4 Ke6 47. Ne2 Rh8 48. Nc3 Rh1 49. Nb5 Rd1+ 50. Ke3 a6 51. Nd4+ Kd7 52. Nc2 Rc1 53. Kd3 Rg1 54. Nd4 Ra1 55. a5 Rf1 56. Ne2 Rf3+ 57. Kd2 Rb3 58. c6+ bxc6 0-1